| 000 | 00506nam a2200181 4500 | ||
|---|---|---|---|
| 005 | 20230906132959.0 | ||
| 008 | 150324b mx ||||| |||| 00| 0 spa d | ||
| 020 | _a9682433134 | ||
| 050 | 0 | 4 |
_aB67 _bS47 1990 |
| 100 | 1 | _aSerrano, Jorge A. | |
| 245 | 1 | 0 |
_aFilosofía de la ciencia _c / Jorge A. Serrano. |
| 250 | _a2a ed. | ||
| 260 |
_aMéxico : _bTrillas, _c1990 |
||
| 300 |
_a297 p. ; _c23 cm. |
||
| 500 | _aIncluye bibliografías e índice | ||
| 650 | 7 |
_2lemb _aFilosofía _xCiencia |
|
| 942 |
_2lcc _cLIB |
||
| 999 |
_c90226 _d90226 |
||